000 01387cam a2200373 a 4500
999 _c2746
_d2746
001 017605655
003 UkOxU
005 20230818114243.0
008 090624r20081992enka 000 1 eng d
010 _a2009291702
020 _a9780194791311 (pbk.)
020 _a0194791319 (pbk.)
035 _a(OCoLC)243637624
035 _a(IeDuTC)b139511787
035 _a(UkLCURL)08b139511787
038 _aOCoLC
040 _aVLB
_cVLB
_dDLC
_dYDXCP
_dBTCTA
_dBAKER
_dKH8
042 _alccopycat
049 _lo
082 0 0 _a428.6 GIL
_222
090 _aTCD
_bPB-286-87
100 1 _aGilbert, Harry,
_d1946-
_eauthor.
245 1 4 _aThe star zoo /
_cHarry Gilbert.
260 _aOxford ;
_aNew York :
_bOxford University Press,
_cc2008.
300 _a72 p. :
_bill. ;
_c20 cm.
490 0 _aOxford Bookworms Library ; Stage 3, Fantasy & horror
500 _a"First published in Oxford Bookworms, 1992"--T.p. verso.
505 0 _aYou must marry me -- A spaceship made of plastic -- Monsters -- More monsters -- Waiting for fifteen thousand years -- They don't believe me -- The answer is robots -- An animal is made -- An animal is destroyed -- Two of everything.
650 0 _aReaders (Adult)
650 0 _aEnglish language
_vTextbooks for foreign speakers.
650 0 _aReading comprehension
_vProblems, exercises, etc.
655 7 _aFantasy fiction.
_2gsafd
942 _2ddc
_cTR